Statistics for South Park: It's easy m'kay - Lyrics

Click here to take the quiz!

General Stats

  • This quiz has been taken 38 times
  • The average score is 242 of 350

Answer Stats

Answer% Correct
it
100%
it's
100%
m'kay!
100%
m'kay?
100%
m'kay
100%
in
91%
T
91%
you
91%
a
87%
the
87%
an
83%
and
83%
easy
83%
say
83%
say!
83%
as
78%
buns
78%
can
78%
do
78%
instead
78%
on
78%
shit
78%
With
78%
with
78%
for
74%
Fuck
74%
fuck
74%
is
74%
like
74%
of
74%
that
74%
to
74%
your
74%
ass
70%
bitch
70%
don't
70%
have
70%
kiss
70%
one:
70%
or
70%
poo
70%
poo,
70%
Step
70%
step
70%
three:
70%
two:
70%
all
65%
are
65%
change
65%
drugs
65%
get
65%
life
65%
my
65%
There
65%
times
65%
up
65%
when
65%
you're
65%
addict
61%
bich
61%
bull
61%
But
61%
cold
61%
head
61%
must
61%
sex
61%
this
61%
today
61%
will
61%
word
61%
alcohol
57%
back
57%
cause
57%
drop
57%
giving
57%
handjobs
57%
Homeless
57%
homeless
57%
so
57%
spend
57%
women
57%
worst
57%
by
52%
four:
52%
Latin
52%
things
52%
anymore
48%
become
48%
cash
48%
follow
48%
generosity!
48%
just
48%
little
48%
plan
48%
soon
48%
suckered
48%
these
48%
touch
48%
us
48%
very
48%
crack
43%
much
43%
addicted
39%
smack
39%
too
39%
use
39%
We
39%
we
39%
no
35%
no!
35%
streets
35%
lives
30%
our
30%
shouldn't
30%
you've
30%
cured
26%
go!
26%
trash
26%
whole
26%
shootin'
22%
shooting
22%
should't
0%

Score Distribution

Percentile by Number Answered

Percent of People with Each Score

Your Score History

You have not taken this quiz